Movie Tagline Quiz 1 - Statistics

General Stats
  • This quiz has been taken 11 times
  • The average score is 5 of 20
Answer Stats
Hint Answer % Correct
"You'll believe a man can fly" Superman
90%
"Check in. Unpack. Relax. Take A Shower" Psycho
80%
"The last man on earth is not alone" I am Legend
60%
"He'll Save Every One of Us" Flash Gordon
50%
"They stole his mind, now he wants it back." Total Recall
40%
"One mans struggle to take it easy" Ferris Buellers Day Off
30%
Two cops. One is all talk. The other is all action. Rush Hour
30%
"We Were Warned" 2012
20%
"One Taste Is All It Takes" Chocolat
20%
"The longer you wait, the harder it gets" The 40 year Old Virgin
20%
"This film is so funny they even banned it in Norway" The Life of Brian
20%
"It's everybody's non-pollutionary, anti-institutionary, pro-confectionery factory of fun!" Willy Wonka and the Chocolate Factory
20%
"America's Joy-Friends are back again in the grandest entertainment gallop of 1937! More howls, more girls, more song hits than "A Night At The Opera"! Oh boy!" A day at The Races
10%
"Escape or Die Frying" Chicken Run
10%
"Fifty million people watching and no one saw a thing" Quiz Show
10%
"Family isn't a word. It's a sentence" The Royal Tenenbaums
10%
"Songs you will sing to" The Wizard of Oz
10%
"Love is a Force of Nature" Brokeback Mountain
0%
"Love Never Dies" Dracula
0%
"Some Lines Shouldn't be Crossed" Flatliners
0%
No matching quizzes found
Score Distribution
Percent of People with Each Score
Percentile by Number Answered
Your Score History
You have not taken this quiz